01536nam a2200409 u 450000100070000000500170000700800410002403500110006504000130007604100080008908200080009710000550010524501240016026000430028430000160032765000290034365000340037265000250040665000230043165000340045465000220048865000410051065000270055165000210057865000610059965000340066065000230069465000740071765000420079165000300083370000500086394200100091399900190092350200120094252600080095495201640096277596720260506093337.0020924e20020201 ||||||m| spa  a775967 ccomduadb aspa 4a62810aRestrepo Amaya, Francisco Javier4auteaut936473910aFotodegradacion de los compuestos organicos presentes en el agua de la quebrada la Fray Juana en la hacienda La Montana aMedellín :b[sin publicador],c2002. a81 h. : il. aFotodegradación965026 aCompuestos orgánicos941504 aCoagulación932750 aFiltración94491 7aSedimentación2lemb9175540 aOxidación91032 aFotosensibilizacion biologica952159 aFotocatálisis972407 aHaciendas938103 aHacienda la Montaña (San Pedro de los Milagros)988166 aMalatión - Toxicidad972120 aClorpirifos955284 aQuebrada la Fray Juana (San Pedro de los Milagros, Antioquia)9102085 aEndosulfan (Reactivo quimico)9102865 aFotocatalizadores910275910aRestrepo Oquendo, Alexander4auteaut9364740 cTESIS c258185d258185 b178c17 a180 001040708TESISBCaBCbBCd2002-09-24eMaterial adquirido por donacióniC757348l0o628.166 R436p61000004126134r2023-04-24 00:00:00t1w2023-04-24yTESIS